000 00645nam a22002177a 4500
001 87729
003 UA-OsUOA
005 20211203205915.0
007 ta
008 20120921b un ||||| |||| 00| 0 ukr d
040 _aUA-OsUOA
_brus
_cUA-OsUOA
_dUA-OsUOA
041 _arus
080 _a94(55)
090 _a94(55)
_bИ77
245 _aИран. Очерки новейшей истории
_cред. Арабаджян А. З.
260 _aМ.
_bГлавред восточной литературы
_c1976
300 _a467 с.
650 7 _a9 Географія. Біографії. Історія
_2UDC
942 _cBK
_2udc
955 _a2
999 _c374026
_d374026